[Event "AUTO-OPEN-2725"]
[Site "http://www.queenalice.com/game.php?id=1076596"]
[Date "2012.6.26"]
[Round "1"]
[White "milo_krokodil4e"]
[Black "pviaro"]
[Result "0-1"]
[WhiteElo "1973"]
[BlackElo "2134"]

1. e4 e5 2. Nf3 Nc6 3. Bb5 Nge7 4. Nc3 g6 5. d4 Bg7 6. dxe5 Nxe5 7. Nxe5 Bxe5 8.
O-O c6 9. Bd3 Bg7 10. Bg5 O-O 11. h4 f6 12. Bf4 b5 13. Qd2 Kh8 14. Rad1 Ng8 15.
Bxb5 cxb5 16. Qd5 Ba6 17. Qd6 Qc8 18. Nd5 Bb7 19. Nc7 Rb8 20. Nxb5 Qxc2 21. Qb4
Bc6 22. Rd2 Rxb5 0-1

[Event "AUTO-OPEN-2725"]
[Site "http://www.queenalice.com/game.php?id=1076597"]
[Date "2012.6.26"]
[Round "1"]
[White "pviaro"]
[Black "milo_krokodil4e"]
[Result "1-0"]
[WhiteElo "2145"]
[BlackElo "1997"]

1. e4 e5 2. Nf3 Nc6 3. c3 d5 4. Qa4 f6 5. Bb5 Qd6 6. d3 Be6 7. b3 Ne7 8. Ba3 Qd7
9. O-O Ng6 10. Nbd2 Nf4 11. Rfe1 dxe4 12. Nxe4 Bxa3 13. Qxa3 Qe7 14. Qxe7+ Kxe7
15. Nc5 Nd8 16. d4 c6 17. Bf1 Re8 18. dxe5 fxe5 19. Rxe5 Kf6 20. Ne4+ Ke7 21.
Nc5 Kf6 22. h3 b6 23. Na6 Re7 24. Rae1 Ng6 25. R5e3 Nf7 26. Nc7 1-0

[Event "AUTO-OPEN-2725"]
[Site "http://www.queenalice.com/game.php?id=1076624"]
[Date "2012.6.26"]
[Round "1"]
[White "Pinehill"]
[Black "pviaro"]
[Result "0-1"]
[WhiteElo "1869"]
[BlackElo "2141"]

1. e4 e5 2. d4 exd4 3. c3 dxc3 4. Bc4 cxb2 5. Bxb2 c6 6. Nf3 d6 7. O-O Nd7 8.
Nbd2 Ngf6 9. Qb3 Nc5 10. Bxf7+ Ke7 11. e5 Nxb3 12. Bxb3 Nd5 13. exd6+ Kxd6 14.
Rfe1 Bf5 15. Nc4+ Kc7 16. Be5+ Kc8 17. Rad1 Bb4 18. Bxg7 Rg8 19. Be5 Bg4 20.
Rxd5 cxd5 21. Rc1 Bc5 22. Ne3 b6 23. Bxd5 Qxd5 24. Nxd5 Bxf3 25. Ne7+ Kd7 26.
Nxg8 Rxg8 0-1

[Event "AUTO-OPEN-2725"]
[Site "http://www.queenalice.com/game.php?id=1076625"]
[Date "2012.6.26"]
[Round "1"]
[White "pviaro"]
[Black "Pinehill"]
[Result "1-0"]
[WhiteElo "2130"]
[BlackElo "1857"]

1. e4 d5 2. e5 c5 3. d4 Nc6 4. Bb5 a6 5. Bxc6+ bxc6 6. c3 Bf5 7. dxc5 e6 8. Qa4
Qc7 9. Be3 a5 10. Nf3 Be4 11. Nbd2 Rb8 12. b3 Rb5 13. b4 axb4 14. cxb4 Ne7 15.
O-O Bd3 16. Rfc1 Nf5 17. Bf4 Be2 18. Re1 Bxf3 19. Nxf3 Be7 20. g4 Nh6 21. h3 O-O
22. Nd4 Rbb8 23. Qxc6 1-0

[Event "AUTO-OPEN-2725"]
[Site "http://www.queenalice.com/game.php?id=1076644"]
[Date "2012.6.26"]
[Round "1"]
[White "pviaro"]
[Black "marcoswerneck"]
[Result "1-0"]
[WhiteElo "2126"]
[BlackElo "1871"]

1. e4 e5 2. Nf3 d6 3. d4 Bg4 4. Be2 Bxf3 5. Bxf3 Nc6 6. d5 Nd4 7. Bg4 Nf6 8. Bh3
Nxe4 9. c3 Nb5 10. Qa4 c6 11. Qxe4 c5 12. O-O g6 13. Qa4 1-0

[Event "AUTO-OPEN-2725"]
[Site "http://www.queenalice.com/game.php?id=1076645"]
[Date "2012.6.26"]
[Round "1"]
[White "marcoswerneck"]
[Black "pviaro"]
[Result "0-1"]
[WhiteElo "1880"]
[BlackElo "2176"]

1. e4 e5 2. Nf3 d6 3. d4 Nd7 4. d5 Ngf6 5. Nc3 g6 6. Bb5 a6 7. Bd3 Nc5 8. O-O
Bg7 9. Bg5 O-O 10. Qd2 Qd7 11. Bxf6 Bxf6 12. Be2 Bg7 13. Nh4 b5 14. h3 b4 15.
Nd1 Nxe4 16. Qe3 f5 17. g3 Nf6 18. Qg5 Qf7 19. f3 Nh5 20. Kg2 f4 21. g4 Ng3 22.
Rf2 Bf6 23. Qh6 Qe7 24. Nxg6 hxg6 25. Qxg6+ Qg7 26. Qxg7+ Kxg7 27. c4 Bb7 28. b3
e4 29. Rb1 e3 30. Rf1 Nxe2 0-1

[Event "AUTO-MASTER-1682"]
[Site "http://www.queenalice.com/game.php?id=1076690"]
[Date "2012.6.26"]
[Round "1"]
[White "dutra2302"]
[Black "pviaro"]
[Result "0-1"]
[WhiteElo "2042"]
[BlackElo "2162"]

1. Nf3 d6 2. g3 Nf6 3. Bg2 e5 4. O-O Nc6 5. d3 g6 6. Bg5 Bg7 7. c4 O-O 8. Nc3
Qd7 9. h3 h6 10. Be3 Nh5 11. Kh2 f5 12. Nh4 Kh7 13. Qd2 f4 14. g4 fxe3 15. fxe3
Nf6 16. Qe1 Ne7 17. Qg3 c6 18. Rf2 b6 19. Raf1 d5 20. cxd5 cxd5 21. Nf3 Nc6 22.
Kh1 Qe6 23. Qh4 Kg8 24. g5 Nh5 25. Nh2 Ne7 26. Ng4 hxg5 27. Rxf8+ Bxf8 28. Rxf8+
Kxf8 29. Qxg5 Bb7 30. Nxe5 Kg7 31. Ng4 Rh8 32. Kg1 Ng3 33. Ne5 Nef5 34. e4 dxe4
35. d4 Qf6 36. Qxf6+ Kxf6 37. Ng4+ Ke6 38. e3 a6 39. Kf2 b5 40. a3 g5 41. Nh2
Rf8 42. Ng4 Nh5 43. Ke1 Nd6 44. Nf2 Nf6 45. Ng4 Nxg4 46. hxg4 a5 47. b3 Rc8 48.
Kd2 Bd5 49. b4 axb4 50. axb4 Rh8 0-1

[Event "AUTO-MASTER-1682"]
[Site "http://www.queenalice.com/game.php?id=1076691"]
[Date "2012.6.26"]
[Round "1"]
[White "pviaro"]
[Black "dutra2302"]
[Result "1-0"]
[WhiteElo "2153"]
[BlackElo "2054"]

1. e4 c5 2. c4 Nc6 3. g3 g6 4. Bg2 Bg7 5. Nc3 Nf6 6. Nge2 O-O 7. O-O d6 8. d3 a6
9. a3 Ng4 10. Rb1 f5 11. f3 Nge5 12. f4 Ng4 13. h3 Nh6 14. Be3 Be6 15. b3 Qd7
16. Kh2 Nd4 17. Nd5 Bxd5 18. exd5 Rab8 19. Qd2 b5 20. Nxd4 cxd4 21. Bf2 Kh8 22.
Rfe1 Nf7 23. Qe2 Bf6 24. g4 fxg4 25. hxg4 h6 26. Bh3 g5 27. f5 Qa7 28. Qb2 Ne5
29. Qe2 b4 30. a4 a5 31. Qe4 Rbe8 32. Rh1 Kg7 33. Bf1 Nf7 34. Kg2 Rh8 35. Rh5
Rh7 36. Be2 Reh8 37. Bf3 Nd8 38. Rhh1 Be5 39. Bg3 Nf7 40. Qe2 Bf6 41. Rbe1 Ne5
42. Qc2 h5 43. gxh5 Nxf3 44. Kxf3 Rxh5 45. Rxh5 Rxh5 46. Kg4 Rh8 47. Qg2 Qc7 48.
Rh1 Qd8 49. Rxh8 Qxh8 50. Qh3 Qxh3+ 51. Kxh3 Be5 52. Be1 Bf4 53. Bxb4 axb4 54.
a5 1-0

[Event "AUTO-MASTER-1682"]
[Site "http://www.queenalice.com/game.php?id=1076704"]
[Date "2012.6.26"]
[Round "1"]
[White "musampa"]
[Black "pviaro"]
[Result "0-1"]
[WhiteElo "1923"]
[BlackElo "2179"]

1. f4 c5 2. e3 e6 3. Bb5 b6 4. Qf3 Nc6 5. Bxc6 dxc6 6. Qxc6+ Bd7 7. Qe4 Nf6 8.
Qf3 Qc8 9. b3 Bc6 10. Qg3 Qb7 11. Nf3 Ne4 12. Qg4 O-O-O 13. O-O h5 14. Qh4 Be7
15. Qh3 Bd7 16. Ne5 Rdf8 17. Nxd7 Qxd7 18. Bb2 Rfg8 19. d3 Nf6 20. Na3 Ng4 21.
Qf3 Qb7 22. Qxb7+ Kxb7 23. Rf3 f6 24. h3 Nh6 25. Nb5 f5 26. Be5 Nf7 27. a4 a6
28. Nc3 Rh7 29. a5 b5 30. d4 g5 31. fxg5 Nxg5 32. Rg3 h4 33. e4 hxg3 34. exf5
exf5 35. d5 Nf7 36. Bf4 Bd6 37. Bxd6 Nxd6 0-1

[Event "AUTO-MASTER-1682"]
[Site "http://www.queenalice.com/game.php?id=1076705"]
[Date "2012.6.26"]
[Round "1"]
[White "pviaro"]
[Black "musampa"]
[Result "0-1"]
[WhiteElo "2183"]
[BlackElo "1998"]

1. e4 e5 2. d4 exd4 3. Qxd4 Nc6 4. Qe3 Bb4+ 5. c3 Ba5 6. Bc4 Bb6 7. Qf3 Qf6 8.
Qe2 Nge7 9. Nf3 O-O 10. Bg5 Qd6 11. O-O h6 12. Bh4 Ng6 13. Bg3 Qe7 14. Nbd2 d6
15. h3 Nce5 16. Bb3 Be6 17. Nd4 Bxb3 18. N2xb3 Rae8 19. Nf5 Qe6 20. Kh2 Nd7 21.
Rfe1 Nf6 22. f3 d5 23. Nfd4 Bxd4 24. Nxd4 Qb6 25. Qc2 dxe4 26. fxe4 Re7 27. Re2
Rfe8 28. Rae1 Nh5 29. Nf5 Re6 30. Re3 Nxg3 31. Rxg3 Re5 32. Rf3 Qc6 33. Nd4 Qd6
34. g3 Nf8 35. Qb3 R8e7 36. Re2 b6 0-1

[Event "Challenge"]
[Site "http://www.queenalice.com/game.php?id=1093904"]
[Date "2012.8.17"]
[Round "-"]
[White "lincolnmarley"]
[Black "pviaro"]
[Result "1-0"]
[WhiteElo "1655"]
[BlackElo "2165"]

1. e4 e5 2. Nf3 d5 3. exd5 Bd6 4. Bb5+ c6 5. dxc6 bxc6 6. Bc4 Nf6 7. h3 O-O 8.
O-O Nbd7 9. d4 e4 10. Nfd2 Nb6 11. Bb3 Qc7 12. Re1 Re8 13. c3 Nbd5 14. Nc4 Bf4
15. Bxf4 Nxf4 16. Nbd2 Bf5 17. Ne5 N4d5 18. Bxd5 cxd5 19. Nb3 Nd7 20. Nxd7 Qxd7
21. Nc5 Qd6 22. Nb7 Qb6 23. Nc5 Qxb2 24. Qb3 Qxb3 25. axb3 Reb8 26. Ra3 Rb6 27.
g4 Rg6 28. Rea1 1-0

[Event "AUTO-MASTER-1682"]
[Site "http://www.queenalice.com/game.php?id=1116152"]
[Date "2012.10.26"]
[Round "2"]
[White "yamato"]
[Black "pviaro"]
[Result "1-0"]
[WhiteElo "2296"]
[BlackElo "2129"]

1. Nf3 c5 2. e4 d6 3. Bb5+ Nc6 4. O-O Bd7 5. Re1 g6 6. c3 Bg7 7. Na3 a6 8. Bf1
b5 9. d4 Bg4 10. Nc2 cxd4 11. cxd4 Nf6 12. h3 Bd7 13. e5 Nd5 14. exd6 e6 15. Bg5
f6 16. Bh4 O-O 17. Ne3 Na5 18. Rc1 g5 19. Bg3 f5 20. Be5 Rf7 21. b3 h6 22. Nxd5
exd5 23. Qd2 Nc6 24. Rc5 g4 25. hxg4 fxg4 26. Nh2 Nxe5 27. dxe5 Be6 28. g3 Qb6
29. b4 Raf8 30. Re2 h5 31. Bg2 1-0

[Event "AUTO-MASTER-1682"]
[Site "http://www.queenalice.com/game.php?id=1116153"]
[Date "2012.10.26"]
[Round "2"]
[White "pviaro"]
[Black "yamato"]
[Result "0-1"]
[WhiteElo "2122"]
[BlackElo "2303"]

1. d4 Nf6 2. c4 c5 3. d5 Ne4 4. Qc2 Qa5+ 5. Nd2 Nf6 6. Nf3 d6 7. e4 e5 8. Be2
Be7 9. O-O Nbd7 10. Nb3 Qd8 11. Bd2 O-O 12. a4 Ne8 13. a5 g6 14. h3 Ng7 15. Nh2
f5 16. f4 exf4 17. Bxf4 g5 18. Bd2 f4 19. Ng4 Bf6 20. Nc1 Bd4+ 21. Kh1 h5 22.
Nh2 Be5 23. Nd3 Qe7 24. Ra3 Nf6 25. Nf2 Kh7 26. Nd3 h4 27. Nf2 Ngh5 28. Re1 Ng3+
29. Kg1 Bd4 30. Nf3 Bxf2+ 31. Kxf2 Nfxe4+ 32. Kg1 Bf5 33. Bd3 Rae8 34. b4 Qf6
0-1

[Event "AUTO-MASTER-1682"]
[Site "http://www.queenalice.com/game.php?id=1116156"]
[Date "2012.10.26"]
[Round "2"]
[White "pviaro"]
[Black "Feijo"]
[Result "0-1"]
[WhiteElo "2136"]
[BlackElo "2266"]

1. d4 d5 2. c4 dxc4 3. Nf3 Nf6 4. Qa4+ c6 5. Qxc4 Bf5 6. g3 e6 7. Bg2 Nbd7 8.
Nc3 Bd6 9. e3 O-O 10. O-O Qe7 11. Re1 e5 12. e4 Be6 13. Qd3 Rad8 14. a3 Bc7 15.
b4 exd4 16. Qxd4 Bb6 17. Qd2 Ne5 18. Qc2 Nd3 19. Be3 Nxe1 20. Rxe1 Bxe3 21. Rxe3
Bg4 22. Nh4 Qd7 23. f3 Be6 24. Bf1 Qd2 25. Re2 Qd4+ 26. Kh1 Rfe8 27. g4 c5 28.
Nb5 Qa1 29. Kg2 cxb4 30. axb4 Rd1 31. Rf2 Rc8 32. Rd2 Rxc2 0-1

[Event "AUTO-MASTER-1682"]
[Site "http://www.queenalice.com/game.php?id=1116157"]
[Date "2012.10.26"]
[Round "2"]
[White "Feijo"]
[Black "pviaro"]
[Result "0-1"]
[WhiteElo "2272"]
[BlackElo "2119"]

1. e4 e5 2. Nf3 Nc6 3. d4 exd4 4. Nxd4 Bc5 5. Be3 Qf6 6. c3 Nge7 7. Bc4 Ne5 8.
Be2 a6 9. O-O O-O 10. f4 N5g6 11. e5 Qb6 12. b4 Bxd4 13. Bxd4 Qc6 14. Nd2 Nh4
15. Nf3 Nef5 16. g3 Ng6 17. Qc2 d6 18. Bd3 Qd7 19. exd6 cxd6 20. Rad1 b5 21. Be4
Rb8 22. Bc5 Qe6 23. Bxf5 Qxf5 24. Bxd6 Qxc2 25. Bxb8 Bh3 26. Rd2 Qxc3 27. Bd6
Rd8 28. Be5 Qe3+ 29. Rff2 Rxd2 0-1

[Event "Challenge"]
[Site "http://www.queenalice.com/game.php?id=1123292"]
[Date "2012.11.17"]
[Round "-"]
[White "lincolnmarley"]
[Black "pviaro"]
[Result "1-0"]
[WhiteElo "1569"]
[BlackElo "2142"]

1. e4 c5 2. Nf3 d6 3. d4 Nf6 4. Nc3 Bg4 5. h3 Bh5 6. Be3 b6 7. Be2 Bg6 8. Bd3
Qc7 9. Qe2 a6 10. Nh4 b5 11. dxc5 b4 12. cxd6 exd6 13. Nxg6 hxg6 14. Nd5 Nbd7
15. Nxc7+ 1-0

[Event "Challenge"]
[Site "http://www.queenalice.com/game.php?id=1123293"]
[Date "2012.11.17"]
[Round "-"]
[White "pviaro"]
[Black "lincolnmarley"]
[Result "1-0"]
[WhiteElo "2128"]
[BlackElo "1756"]

1. d4 Nf6 2. c4 g6 3. Nc3 Bg7 4. e4 d6 5. f3 O-O 6. Be3 e5 7. d5 c6 8. Qd2 a5 9.
Na4 c5 10. Nh3 Bxh3 11. gxh3 Nh5 12. O-O-O Nd7 13. Nc3 a4 14. Qc2 Nb6 15. Nb5 f5
16. Rg1 f4 17. Bf2 Rf7 18. Rg4 Nf6 19. Rg2 a3 20. b3 Bf8 21. h4 Rg7 22. Rg1 Nh5
23. Bh3 Nd7 24. Be6+ Kh8 25. Rg2 b6 26. Rdg1 Qe8 27. Be1 Qd8 28. Kb1 Be7 29. Qf2
Nf8 30. Bg4 Nf6 31. h5 Nxg4 32. Rxg4 Qd7 33. h4 Bf6 34. h6 Rg8 35. Qh2 Rd8 36.
h5 Qf7 37. Bh4 Nd7 38. Nxd6 1-0